000 00259nam a2200097Ia 4500
008 190216s9999||||xx |||||||||||||| ||und||
100 _aVeliyanad
245 0 _aVishishta Apekshikatha Siddanthathin Oru Amooka Padanam
260 _bKerala Basha Inst
942 _cBK
999 _c38840
_d38840